Score 0/20 Timer 02:00
0 Plays Today
Name Missing Word % Correct
Jamie ____ CurtisLee
95.6%
_________ Zeta-JonesCatherine
91.8%
_____-Kate OlsenMary
91.4%
James Earl ______Jones
90.8%
John Quincy ______Adams
89.1%
_______ Rodham ClintonHillary
87.2%
_____ Cougar MellencampJohn
82.4%
Jackie ________-OnassisKennedy
80.7%
Sandra ____ O'ConnorDay
77.5%
_______ Alva EdisonThomas
76.9%
Name Missing Word % Correct
_____ Lloyd WrightFrank
76.4%
Helena ______ CarterBonham
75%
________ Amadeus MozartWolfgang
73.3%
Louisa May _______Alcott
72.9%
Francis Scott ___Key
71.6%
_____ Joel OsmentHaley
71%
Laura Ingalls _______Wilder
66.3%
______ Lynn SpearsJamie
65.8%
_____ Lee GiffordKathie
60.2%
________ Temple BlackShirley
55.6%

Today's Daily Dose

Remove Ads.
Support Sporcle.
Get the best of Sporcle when you Go Orange. This ad-free experience offers more features, more stats, and more fun while also helping to support Sporcle. Thank you for becoming a member.

You're not logged in!

Compare scores with friends on all Sporcle quizzes.
OR
Log In

Show Comments

Extras

Top Quizzes Today


Score Distribution

Your Account Isn't Verified!

In order to create a playlist on Sporcle, you need to verify the email address you used during registration. Go to your Sporcle Settings to finish the process.

Report this User

Report this user for behavior that violates our Community Guidelines.

Details: